Convegno Nazionale degli Incaricati Diocesani per l'Ecumenismo

Saved in:  
Bibliographic Details
Format: Print Article
Language:Italian
Check availability: HBZ Gateway
Interlibrary Loan:Interlibrary Loan for the Fachinformationsdienste (Specialized Information Services in Germany)
Published: 1983
In: Studi ecumenici
Year: 1983, Volume: 1, Issue: 3/4, Pages: 372-376
Further subjects:B Baptism, Eucharist and Ministry (Document)
B Ecumenical movement -- Congresses
B Conference proceedings

MARC

LEADER 00000naa a22000002c 4500
001 1819561844
003 DE-627
005 20221021052710.0
007 tu
008 221021s1983 xx ||||| 00| ||ita c
035 |a (DE-627)1819561844 
035 |a (DE-599)KXP1819561844 
040 |a DE-627  |b ger  |c DE-627  |e rda 
041 |a ita 
084 |a 1  |2 ssgn 
245 0 0 |a Convegno Nazionale degli Incaricati Diocesani per l'Ecumenismo 
264 1 |c 1983 
336 |a Text  |b txt  |2 rdacontent 
337 |a ohne Hilfsmittel zu benutzen  |b n  |2 rdamedia 
338 |a Band  |b nc  |2 rdacarrier 
650 4 |a Conference proceedings 
650 4 |a Ecumenical movement -- Congresses 
650 4 |a Baptism, Eucharist and Ministry (Document) 
773 0 8 |i Enthalten in  |t Studi ecumenici  |d Verona : Ist., 1983  |g 1(1983), 3/4, Seite 372-376  |w (DE-627)166802298  |w (DE-600)308281-7  |w (DE-576)015247546  |x 0393-3687  |7 nnas 
773 1 8 |g volume:1  |g year:1983  |g number:3/4  |g pages:372-376 
935 |a mteo 
951 |a AR 
ELC |b 1 
ITA |a 1  |t 1 
LOK |0 000 xxxxxcx a22 zn 4500 
LOK |0 001 4200484102 
LOK |0 003 DE-627 
LOK |0 004 1819561844 
LOK |0 005 20221021052710 
LOK |0 008 221021||||||||||||||||ger||||||| 
LOK |0 035   |a (DE-Tue135)IxTheo#2022-10-19#49C217B788B53DEF42ADA36F328B049D74B6A033 
LOK |0 040   |a DE-Tue135  |c DE-627  |d DE-Tue135 
LOK |0 092   |o n 
LOK |0 852   |a DE-Tue135 
LOK |0 852 1  |9 00 
LOK |0 935   |a ixzs  |a ixrk  |a zota 
LOK |0 939   |a 21-10-22  |b l01 
ORI |a SA-MARC-ixtheoa001.raw